| 000 | 00363 a2200157 4500 | ||
|---|---|---|---|
| 003 | Nust | ||
| 005 | 20170207153533.0 | ||
| 040 | _cNust | ||
| 082 | _a891.439 | ||
| 100 | _a Tarar , Mustansar Hussain | ||
| 245 |
_aBahao _cMustansar Hussain Tarar |
||
| 260 |
_aLAhore _bSange Meel |
||
| 300 | _a171:p | ||
| 538 | _aAlmirah No.67, Shelf No.2 | ||
| 650 | _aUrdu Literature | ||
| 942 |
_2ddc _cBK |
||
| 999 |
_c188062 _d188062 |
||